[Event "Chinese Championship Rapid"]
[Site "?"]
[Date "2016.08.25"]
[Round "?"]
[White "Xiang, Zeyu"]
[Black "Wang, Yue"]
[WhiteElo "2314"]
[BlackElo "2737"]
[Result "0-1"]

1. d4 Nf6 2. c4 e6 3. Nf3 Bb4+ 4. Nbd2 O-O 5. a3 Be7 6. g3 b6 7. Bg2 Bb7 8. O-O c5 9. b3 cxd4 10. Nxd4 Bxg2 11. Kxg2 Qc7 12. Bb2 Qb7+ 13. Kg1 Nc6 14. Nxc6 Qxc6 15. Nf3 Rfd8 16. Rc1 Qb7 17. Qd3 Rac8 18. Rfd1 h6 19. Nd4 a6 20. a4 Ne4 21. Qf3 Nc5 22. Qxb7 Nxb7 23. Bc3 Bf6 24. Nf3 Bxc3 25. Rxc3 b5 26. axb5 axb5 27. Ne5 d6 28. Nd3 bxc4 29. bxc4 Rc7 30. e4 Kf8 31. Rdc1 Nc5 32. Nxc5 Rxc5 33. Kf1 g5 34. h3 Rb8 35. Ke2 Ke7 36. Kd3 Kf6 37. Kd4 Rb2 38. R3c2 Rxc2 39. Rxc2 Ra5 40. Rb2 Ra3 41. Rd2 Rf3 42. Rc2 h5 43. e5+ dxe5+ 44. Kc5 h4 45. gxh4 gxh4 46. Kd6 Rxh3 47. c5 Rd3+ 48. Kc7 h3 49. c6 Ke7 50. Rc4 Rd4 51. Rxd4 exd4 52. Kb6 h2 

0-1

[Event "Chinese Championship Rapid"]
[Site "?"]
[Date "2016.08.25"]
[Round "?"]
[White "Wang, Yue"]
[Black "Lu, Shanglei"]
[WhiteElo "2737"]
[BlackElo "2607"]
[Result "1/2-1/2"]

1. c4 Nf6 2. d4 e6 3. Nc3 d5 4. cxd5 exd5 5. Bg5 c6 6. e3 Bf5 7. Qf3 Bg6 8. Bxf6 Qxf6 9. Qxf6 gxf6 10. Nf3 Nd7 11. Nh4 Be7 12. g3 Nb6 13. f3 O-O 14. Kf2 Rfe8 15. Ng2 a5 16. a4 Bc2 17. Nf4 Bb4 18. Be2 Rad8 19. Rhc1 Bb3 20. Bd1 Bxc3 21. bxc3 Bxd1 22. Rxd1 Nc4 23. Re1 f5 24. h3 Kg7 25. g4 Kf6 26. Nh5+ Kg6 27. Rab1 Rb8 28. Re2 h6 29. Nf4+ Kf6 30. Nh5+ Kg6 31. Nf4+ Kf6 32. Rg1 b5 33. axb5 Rxb5 34. gxf5 Kxf5 35. Nh5 Reb8 36. e4+ dxe4 37. fxe4+ Ke6 38. Nf4+ Ke7 39. Ra1 Rb3 40. Rc2 Ra3 41. Rxa3 Nxa3 42. Ra2 Rb3 43. Ne2 a4 44. Ke3 Nb5 45. Kd3 Rb1 46. Rxa4 Rh1 47. Nf4 Rf1 48. Ke3 Re1+ 49. Kf3 Rf1+ 50. Ke3 Re1+ 51. Kd3 Rf1 52. Ne2 Rf3+ 53. Kd2 Rxh3 54. Ra6 Nd6 55. e5 Ne4+ 56. Kc2 Re3 57. Rxc6 Rxe2+ 58. Kd3 Re1 59. Rxh6 Nf2+ 60. Kd2 Ra1 61. d5 Rd1+ 62. Ke2 Rxd5 63. Kxf2 Rxe5 

1/2-1/2

[Event "Chinese Championship Blitz"]
[Site "?"]
[Date "2016.08.25"]
[Round "?"]
[White "Wang, Yue"]
[Black "Fang, Yuxiang"]
[WhiteElo "2737"]
[BlackElo "2503"]
[Result "1/2-1/2"]

1. d4 d5 2. Nf3 Nf6 3. Bf4 Bf5 4. e3 e6 5. Bd3 Bxd3 6. Qxd3 c6 7. O-O Bd6 8. Bxd6 Qxd6 9. c4 O-O 10. Nc3 Nbd7 11. Rfd1 h6 12. a3 a6 13. Rac1 b5 14. cxd5 cxd5 15. a4 b4 16. Nb1 Rac8 17. Nbd2 Nb6 18. a5 Nbd7 19. Nb3 Ne4 20. Nfd2 Nxd2 21. Qxd2 Qb8 22. Qd3 Qb7 23. g3 Rxc1 24. Rxc1 Rc8 25. Nc5 Nxc5 26. dxc5 Qc6 27. Qd4 Qb5 28. e4 dxe4 29. Qxe4 Rxc5 30. Rxc5 Qxc5 31. Qa8+ Kh7 32. Qxa6 Qc1+ 33. Kg2 Qxb2 34. Qb7 Qa3 35. a6 b3 36. Qe4+ g6 37. Qd3 Qa5 38. Qd7 Qd5+ 39. Qxd5 exd5 40. a7 b2 41. a8=Q b1=Q 42. Qxd5 Kg7 43. h4 h5 44. Qe5+ Kg8 45. Qd5 Kg7 46. Qd4+ Kg8 47. Qd8+ Kg7 48. Qd4+ Kg8 49. Kf3 Qf5+ 50. Ke3 Qe6+ 51. Kd2 Qf5 52. Ke2 Qe6+ 53. Kd3 Qf5+ 54. Ke3 Qe6+ 55. Qe4 Qb3+ 56. Kf4 Qb2 57. Qe3 Qf6+ 58. Ke4 Qe6+ 59. Kf3 Qxe3+ 60. Kxe3 Kg7 61. Kf4 Kf6 62. f3 g5+ 63. hxg5+ Kg6 64. Ke4 Kxg5 65. Ke5 h4 66. gxh4+ Kxh4 67. Kf6 Kg3 68. Kxf7 Kxf3 

1/2-1/2

[Event "Chinese Championship Blitz"]
[Site "?"]
[Date "2016.08.25"]
[Round "?"]
[White "Zhang, Xiaopeng"]
[Black "Wang, Yue"]
[WhiteElo "2278"]
[BlackElo "2737"]
[Result "0-1"]

1. e4 c5 2. Nf3 e6 3. d4 cxd4 4. Nxd4 Nc6 5. Nc3 Qc7 6. Be3 a6 7. Qd2 Nf6 8. O-O-O Bb4 9. f3 Ne7 10. Nde2 b5 11. Bf4 e5 12. Bg5 h5 13. Kb1 Ba5 14. Qd3 Bb7 15. Bxf6 gxf6 16. Nd5 Nxd5 17. exd5 h4 18. Nc1 d6 19. Qf5 Ke7 20. f4 Rag8 21. fxe5 fxe5 22. Be2 Bc8 23. Qf2 Bb6 24. Qf1 Rh6 25. Qe1 Rxg2 26. Bd3 h3 27. Be4 f5 28. Bxg2 hxg2 29. Rg1 Bxg1 30. Qxg1 Rg6 31. Rd2 Qc5 32. Rd1 Qxg1 33. Rxg1 f4 

0-1

[Event "Chinese Championship Blitz"]
[Site "?"]
[Date "2016.08.25"]
[Round "?"]
[White "Wang, Yue"]
[Black "Li, Di"]
[WhiteElo "2737"]
[BlackElo "2426"]
[Result "1-0"]

1. Nf3 d5 2. d4 c6 3. c4 e6 4. e3 Bd6 5. Be2 f5 6. O-O Nf6 7. b3 Qe7 8. Bb2 O-O 9. Qc1 Ne4 10. Ba3 Nd7 11. Bxd6 Qxd6 12. Qb2 b6 13. Nbd2 Bb7 14. Rac1 Rf6 15. Rfd1 Rh6 16. Ne5 Nxe5 17. dxe5 Qe7 18. Nf1 Qh4 19. Bd3 c5 20. f3 Ng5 21. Qf2 Qh5 22. cxd5 Bxd5 23. Be2 Qe8 24. h4 Nf7 25. f4 Nd8 26. Bf3 Bxf3 27. Qxf3 Nf7 28. g3 

1-0

[Event "Chinese Championship Blitz"]
[Site "?"]
[Date "2016.08.26"]
[Round "?"]
[White "Xu, Yinglun"]
[Black "Wang, Yue"]
[WhiteElo "2516"]
[BlackElo "2737"]
[Result "0-1"]

1. d4 Nf6 2. c4 e6 3. Nf3 b6 4. e3 Bb7 5. Nc3 d5 6. cxd5 exd5 7. Bb5+ c6 8. Bd3 Bd6 9. O-O O-O 10. b3 Nbd7 11. Bb2 Re8 12. Qc2 g6 13. Rfe1 Rc8 14. Rad1 Bb8 15. Qb1 a6 16. h3 c5 17. dxc5 bxc5 18. Ne2 d4 19. exd4 Bxf3 20. gxf3 Nh5 21. Kf1 Qh4 22. Ng1 Nf4 23. Rxe8+ Rxe8 24. Re1 Rxe1+ 25. Kxe1 cxd4 26. Bxd4 Bd6 27. Qc2 Qg5 28. Qc8+ Nf8 29. Qg4 Nxd3+ 30. Kf1 Qc1+ 31. Kg2 Nf4+ 32. Kh1 N8e6 

0-1

[Event "Chinese Championship Blitz"]
[Site "?"]
[Date "2016.08.26"]
[Round "?"]
[White "Lu, Shanglei"]
[Black "Wang, Yue"]
[WhiteElo "2607"]
[BlackElo "2737"]
[Result "1/2-1/2"]

1. Nc3 e5 2. Nf3 Nc6 3. d4 exd4 4. Nxd4 Nf6 5. g3 Bc5 6. Nxc6 bxc6 7. Na4 Bb4+ 8. c3 Be7 9. Bg2 O-O 10. O-O Re8 11. c4 Rb8 12. b3 c5 13. Nc3 d6 14. h3 Bf8 15. e4 g6 16. Bb2 Bg7 17. Qd2 Bb7 18. Rae1 Nd7 19. f4 

1/2-1/2

[Event "Chinese Championship Blitz"]
[Site "?"]
[Date "2016.08.26"]
[Round "?"]
[White "Wang, Yue"]
[Black "Yu, Yangyi"]
[WhiteElo "2737"]
[BlackElo "2725"]
[Result "1/2-1/2"]

1. d4 Nf6 2. c4 e6 3. Nf3 d5 4. Nc3 Bb4 5. Bg5 h6 6. Bxf6 Qxf6 7. e3 O-O 8. Rc1 dxc4 9. Bxc4 c5 10. dxc5 Nd7 11. O-O Rd8 12. Qc2 Bxc3 13. Qxc3 Qxc3 14. Rxc3 Nxc5 15. Be2 b6 16. Rfc1 Bb7 17. b4 Ne4 18. Rc7 Rac8 19. Nd4 Nd6 20. Bf3 Bxf3 21. gxf3 e5 22. Rxc8 Nxc8 23. Nc6 f6 24. Kf1 Kf7 25. Ke2 Ke6 26. b5 a6 27. Nxd8+ Kd5 28. f4 e4 29. f5 

1/2-1/2

[Event "Chinese Championship Blitz"]
[Site "?"]
[Date "2016.08.26"]
[Round "?"]
[White "Gao, Rui"]
[Black "Wang, Yue"]
[WhiteElo "2548"]
[BlackElo "2737"]
[Result "1/2-1/2"]

1. e4 e5 2. Nf3 Nf6 3. Nxe5 d6 4. Nf3 Nxe4 5. d4 d5 6. Bd3 Nc6 7. O-O Be7 8. Nbd2 Bf5 9. Re1 Nxd2 10. Qxd2 Bxd3 11. Qxd3 O-O 12. c3 h6 13. Bf4 Bd6 14. Bg3 Bxg3 15. hxg3 Qd7 16. Qb5 a6 17. Qb3 Na5 18. Qb4 Nc6 19. Qb3 Na5 20. Qc2 Nc6 21. Re2 Rfe8 22. Rae1 Rxe2 23. Qxe2 Kf8 24. Qc2 Kg8 25. Qb3 Rb8 26. Ne5 Nxe5 27. Rxe5 c6 28. Qb4 Re8 29. Rxe8+ Qxe8 30. Qxb7 Qe1+ 31. Kh2 Qxf2 32. Qxa6 Qxb2 33. a4 Qxc3 34. a5 Kh7 35. Qb6 Qd2 36. a6 Qd1 37. Qb2 Qh5+ 38. Kg1 Qd1+ 39. Kf2 Qa4 40. Qb1+ g6 41. Qb6 Qc2+ 42. Kg1 Qd1+ 43. Kh2 Qh5+ 44. Kg1 Qd1+ 45. Kh2 Qh5+ 46. Kg1 

1/2-1/2

[Event "Chinese Championship Blitz"]
[Site "?"]
[Date "2016.08.26"]
[Round "?"]
[White "Wang, Yue"]
[Black "Xu, Xiangyu"]
[WhiteElo "2737"]
[BlackElo "2461"]
[Result "1-0"]

1. Nf3 Nf6 2. c4 g6 3. Nc3 d5 4. cxd5 Nxd5 5. g3 Bg7 6. Bg2 c5 7. h4 Nc6 8. h5 Nxc3 9. bxc3 Be6 10. Qa4 Qa5 11. Qxa5 Nxa5 12. Ng5 Bd7 13. h6 Be5 14. f4 Bd6 15. d3 f6 16. Ne4 Bc6 17. Kf2 Kd7 18. c4 f5 19. Ng5 e5 20. Bb2 Bxg2 21. Kxg2 Nc6 22. e4 Rae8 23. Rae1 Re7 24. Rhf1 Rf8 25. fxe5 Bxe5 26. Bxe5 Nxe5 27. exf5 gxf5 28. Nxh7 Rxh7 29. Rxe5 b6 30. Rexf5 Rxf5 31. Rxf5 Rxh6 32. g4 Ke6 33. Rf3 a6 34. Kg3 Rh1 35. Kf4 b5 36. Re3+ Kf7 37. Ke4 Rh2 38. Kd5 Rxa2 39. Kxc5 bxc4 40. dxc4 Rg2 41. Kb6 Rxg4 42. c5 Rc4 43. c6 

1-0

[Event "42nd Olympiad"]
[Site "?"]
[Date "2016.09.06"]
[Round "?"]
[White "Eljanov, Pavel"]
[Black "Wang, Yue"]
[WhiteElo "2739"]
[BlackElo "2737"]
[Result "1/2-1/2"]

1. d4 Nf6 2. c4 e6 3. Nc3 Bb4 4. e3 O-O 5. Bd3 d5 6. cxd5 exd5 7. Ne2 b6 8. O-O Re8 9. f3 c5 10. a3 Bxc3 11. bxc3 Ba6 12. Ng3 Bxd3 13. Qxd3 Nc6 14. Bb2 Rc8 15. Rae1 Qc7 16. e4 Ne7 17. e5 Nd7 18. a4 cxd4 19. cxd4 Qc2 20. Qxc2 Rxc2 21. Ba3 g6 22. Rc1 Ra2 23. Bxe7 Rxe7 24. Ra1 Rxa1 25. Rxa1 f6 26. f4 Nf8 27. Rc1 Ne6 28. Ne2 Rc7 29. Rxc7 Nxc7 30. Kf2 Kf7 31. Nc3 a6 32. g4 Ke6 33. Ke3 f5 34. h3 Kd7 35. Na2 a5 36. Nc3 Kc6 37. gxf5 gxf5 38. Kf3 Ne6 39. Nb5 Kd7 40. Ke3 Ng7 41. Nd6 Kd8 42. Kf2 Kd7 43. Kf3 Kd8 44. Ke2 Kd7 45. Ke3 Kd8 46. Nf7+ Ke7 47. Ng5 h6 48. Nf3 Ne8 49. Nd2 Nc7 50. Nb1 b5 51. axb5 Nxb5 52. Kd3 Kd7 53. Nc3 Nc7 54. Na4 Kc6 55. Nc5 Kb5 56. Kc3 Kc6 57. Kd3 Nb5 58. Na4 Na7 59. Nc3 Nc8 60. Kc2 Ne7 61. Kb3 Ng6 62. Ne2 Kb5 63. Nc3+ Kc6 64. Ne2 Kb5 

1/2-1/2

[Event "1nd China, League Rounds 1-4"]
[Site "?"]
[Date "2016.04.14"]
[Round "?"]
[White "Zhu, Yi"]
[Black "Wang, Yue"]
[WhiteElo "2318"]
[BlackElo "2718"]
[Result "0-1"]

1. d4 Nf6 2. c4 e6 3. Nc3 Bb4 4. e3 O-O 5. Nge2 Re8 6. g3 d5 7. a3 Bf8 8. Bg2 dxc4 9. O-O Nbd7 10. Qc2 Rb8 11. Rd1 b5 12. e4 Bb7 13. Bf4 a6 14. a4 b4 15. Nb1 b3 16. Qxc4 Nxe4 17. Nbc3 Nxc3 18. Nxc3 Bxg2 19. Kxg2 Nb6 20. Qxa6 Nd5 21. Nxd5 Qxd5+ 22. Kg1 Rb4 23. Bxc7 Ra8 24. Qd3 Rbxa4 25. Rxa4 Rxa4 26. Bb6 g6 27. Qc3 h5 28. Rc1 Bh6 29. Re1 Bg7 30. Qc5 Qf3 31. Qb5 Ra2 32. Qe2 Qd5 33. Rd1 Kh7 34. h3 Ra4 35. Qd3 Rb4 36. Ba7 Rb7 37. Qa6 Rc7 38. Qa1 Rc2 39. Rd3 Qc4 40. Rc3 Rxc3 41. bxc3 Qe2 42. Bc5 Qa2 

0-1

[Event "6th Chinese Master Rapid"]
[Site "?"]
[Date "2016.11.27"]
[Round "?"]
[White "Wang, Yue"]
[Black "Lu, Shanglei"]
[WhiteElo "2723"]
[BlackElo "2616"]
[Result "1/2-1/2"]

1. d4 d5 2. c4 e6 3. Nc3 c6 4. e3 Nf6 5. Nf3 Nbd7 6. Qc2 Bd6 7. Bd3 O-O 8. O-O dxc4 9. Bxc4 e5 10. h3 exd4 11. exd4 Nb6 12. Bb3 Re8 13. Bg5 Be6 14. Rfe1 Bxb3 15. Qxb3 Rxe1+ 16. Rxe1 h6 17. Bxf6 Qxf6 18. a4 Qf5 19. Ne5 Re8 20. a5 Nd7 21. Nf3 Rxe1+ 22. Nxe1 b6 23. axb6 axb6 24. Qc4 c5 25. Nf3 Qc2 26. dxc5 

1/2-1/2

[Event "6th Chinese Master Rapid"]
[Site "?"]
[Date "2016.11.27"]
[Round "?"]
[White "Zhou, Jianchao"]
[Black "Wang, Yue"]
[WhiteElo "2635"]
[BlackElo "2723"]
[Result "1/2-1/2"]

1. Nf3 Nf6 2. c4 e6 3. g3 b6 4. Bg2 Bb7 5. O-O Be7 6. b3 O-O 7. Bb2 d6 8. Nc3 Nbd7 9. d4 Ne4 10. Qc2 Nxc3 11. Bxc3 f5 12. d5 e5 13. Bh3 g6 14. e4 f4 15. b4 Bc8 16. Be6+ Kg7 17. g4 h6 18. h3 Nf6 19. Bxc8 Qxc8 20. Kh2 Nxg4+ 21. hxg4 Qxg4 

1/2-1/2

[Event "6th Chinese Master Rapid"]
[Site "?"]
[Date "2016.11.27"]
[Round "?"]
[White "Wang, Yue"]
[Black "Xu, Yinglun"]
[WhiteElo "2723"]
[BlackElo "2527"]
[Result "1-0"]

1. d4 d5 2. c4 e6 3. Nc3 Be7 4. cxd5 exd5 5. Bf4 c6 6. e3 Bf5 7. Nge2 Nf6 8. Ng3 Bg6 9. h4 h5 10. Bd3 Bxd3 11. Qxd3 g6 12. O-O-O Na6 13. f3 Qd7 14. Kb1 O-O 15. Be5 Qe6 16. a3 Nc5 17. Qc2 Ncd7 18. Bf4 Bd6 19. Rh3 Kg7 20. Bxd6 Qxd6 21. e4 dxe4 22. Ngxe4 Qf4 23. Ne2 Qf5 24. Rg3 Nxe4 25. fxe4 Qf2 26. e5 Rae8 27. Qe4 Kh8 28. Rf3 Qxg2 29. Rg1 Qh2 30. Qe3 Nxe5 31. dxe5 Qxe5 32. Qh6+ Kg8 33. Nf4 Qh8 34. Qxh8+ Kxh8 35. Nxh5 Re4 36. Rxg6 

1-0

[Event "6th Chinese Master Rapid"]
[Site "?"]
[Date "2016.11.28"]
[Round "?"]
[White "Wang, Yue"]
[Black "Bu, Xiangzhi"]
[WhiteElo "2723"]
[BlackElo "2698"]
[Result "1/2-1/2"]

1. d4 d5 2. c4 c6 3. Nf3 Nf6 4. e3 Bf5 5. Nc3 e6 6. Nh4 Bg6 7. Be2 dxc4 8. Nxg6 hxg6 9. Bxc4 Nbd7 10. Bd2 Qc7 11. h3 Nb6 12. Be2 e5 13. dxe5 Qxe5 14. Qb3 Bc5 15. O-O-O Qe7 16. Bf3 O-O-O 17. Na4 Nxa4 18. Qxa4 Nd5 19. Ba5 Rd7 20. Qb3 Bb6 21. Bc3 Nxc3 22. Qxc3 Qc5 23. Qxc5 Bxc5 24. Kc2 Rxd1 25. Rxd1 Rd8 26. Rxd8+ Kxd8 27. Kd3 

1/2-1/2

[Event "6th Chinese Master Rapid"]
[Site "?"]
[Date "2016.11.28"]
[Round "?"]
[White "Wang, Yue"]
[Black "Yu, Yangyi"]
[WhiteElo "2723"]
[BlackElo "2721"]
[Result "1-0"]

1. d4 Nf6 2. c4 e6 3. Nf3 d5 4. Nc3 Bb4 5. Bg5 h6 6. Bxf6 Qxf6 7. Qb3 c5 8. cxd5 exd5 9. a3 Bxc3+ 10. Qxc3 Nd7 11. g3 O-O 12. Bg2 b6 13. O-O Bb7 14. Rfc1 Qe7 15. dxc5 bxc5 16. b4 d4 17. Qc4 Rac8 18. bxc5 Bxf3 19. Bxf3 Nxc5 20. Rab1 Qd7 21. Qb5 Qxb5 22. Rxb5 Ne6 23. Rxc8 Rxc8 24. Kg2 Kf8 25. Ra5 Rc7 26. Ra4 Ke7 27. Bg4 Rd7 28. h4 g6 29. h5 gxh5 30. Bxh5 Nc5 31. Rc4 Ne6 32. Bg4 d3 33. exd3 Rxd3 34. Ra4 Rd7 35. Ra6 Rb7 36. Bxe6 fxe6 37. Kh3 Kf6 38. Kg4 Rb2 39. f4 Rh2 40. Rxa7 h5+ 41. Kf3 Ra2 42. Ra5 e5 43. fxe5+ Kf5 44. Ke3 Rg2 45. Kf3 Ra2 46. Ke3 Rg2 47. e6+ Kxe6 48. Kf4 Ra2 49. Re5+ Kf6 50. Re3 Rh2 51. Rf3 Re2 52. Rb3 Rf2+ 53. Ke4 Kg5 54. Kd4 h4 55. gxh4+ Kxh4 56. Rb4 Kg5 57. a4 Kf6 58. Kc5 Ke5 59. a5 Rf6 60. Rb1 Rg6 61. Re1+ Kf5 62. Ra1 Ra6 63. Kb5 

1-0